000 01101nam a2200289 i 4500
003 EG-GICUC
005 20260121101221.0
008 251114s1989 ua ||||fr|||| 00| 0 ara d
040 _a EG-GICUC
_bara
_c EG-GICUC
_d EG-GICUC
_erda
041 0 _aara
082 0 4 _221
_a345
_bم ح . ق
092 0 4 _221
099 _aLaw1 07 345 م ح . ق 1989
100 0 _aمحمد رفعت بعبد الوهاب
_eمؤلف.
245 1 2 _aالقانون الإداري /
_cالدكتور محمد رفعت بعبد الوهاب، الدكتور عبد الغني بسيوني عبد الله.
264 1 _aالقاهرة :
_bدار المعرفة،
_c1989.
300 _a368 ؛صفحة
_c24 سم.
336 _2rda content
_atext
337 _2rda media
_aComputer
338 _2rda carrier
_aOnline Resource
546 _aالنص باللغة العربية
650 1 4 _aالقانون الإداري
700 _aعبد الغني بسيوني عبد الله
_eمؤلف مشارك.
856 4 0 _uhttps://fll.law.cu.edu.eg/fulltext/bks/B07-00781.pdf
905 _a32
_eYara
942 _2ddc
_cBK
_e21
_n0
999 _c43238
_d43238